000 00521nam a2200193Ia 4500
005 20250508150246.0
008 008 250505s9999 xx 000 0 eng d
037 _aTextual
040 _aFEDL
_beng
_cFEDL
041 _aeng
_2eng
084 _a330.940 53, STE
_qFEDL
100 _aSternberg Fritz
_950293
245 0 _aComing crisis
260 _aLondon, UK
_bVictor Gollancz Ltd.
_c1947
300 _a221p
650 _aEconomics
942 _cTEXL
_h330.940 53, STE
999 _c1322689
_d1322689